|
|
|
|
| LEADER |
01640nam a2200397 a 4500 |
| 001 |
EBC1108565 |
| 003 |
MiAaPQ |
| 005 |
20200520144314.0 |
| 006 |
m o d | |
| 007 |
cr cn||||||||| |
| 008 |
120329s2013 nyua sb 001 0 eng d |
| 010 |
|
|
|z 2012012864
|
| 020 |
|
|
|z 9780415887021 (alk. paper)
|
| 020 |
|
|
|a 9780203094723 (electronic bk.)
|
| 035 |
|
|
|a (MiAaPQ)EBC1108565
|
| 035 |
|
|
|a (Au-PeEL)EBL1108565
|
| 035 |
|
|
|a (CaPaEBR)ebr10643532
|
| 035 |
|
|
|a (CaONFJC)MIL425474
|
| 035 |
|
|
|a (OCoLC)823719053
|
| 040 |
|
|
|a MiAaPQ
|c MiAaPQ
|d MiAaPQ
|
| 050 |
|
4 |
|a HF5636
|b .A22 2013
|
| 082 |
0 |
4 |
|a 338.509
|2 23
|
| 245 |
0 |
0 |
|a Accounting and business economics
|h [electronic resource] :
|b insights from national traditions /
|c edited by Yuri Biondi and Stefano Zambon.
|
| 260 |
|
|
|a New York :
|b Routledge,
|c 2013.
|
| 300 |
|
|
|a xxii, 514 p. :
|b ill.
|
| 440 |
|
0 |
|a Routledge studies in accounting ;
|v 13
|
| 504 |
|
|
|a Includes bibliographical references and index.
|
| 505 |
0 |
|
|a pt. I. Introduction -- pt. II. At the roots of national traditions of accounting and business economics -- pt. III. Comparative analyses, insights, and implications for accounting and business economics.
|
| 533 |
|
|
|a Electronic reproduction. Ann Arbor, MI : ProQuest, 2015. Available via World Wide Web. Access may be limited to ProQuest affiliated libraries.
|
| 650 |
|
0 |
|a Accounting.
|
| 650 |
|
0 |
|a Managerial economics.
|
| 655 |
|
4 |
|a Electronic books.
|
| 700 |
1 |
|
|a Biondi, Yuri.
|
| 700 |
1 |
|
|a Zambon, Stefano.
|
| 710 |
2 |
|
|a ProQuest (Firm)
|
| 856 |
4 |
0 |
|u https://ebookcentral.proquest.com/lib/matrademy/detail.action?docID=1108565
|z Click to View
|